Регионална библиотека "Любен Каравелов" - Русе

Есен във Венеция (Запис номер 497873)

MARC детайли
000 -Лидер
Контролно поле с фиксирана дължина 01262nam a2200325 c 4500
003 - Код на организацията, давaща контролен номер
Контролно поле BLK
005 - Дата и час на последна редакция
Контролно поле 20250516102715.0
008 - Елементи от данни с фиксирана дължина
fixed length control field 180411b bul|||||r ||||||| ||bul||
020 ## - Международен стандартен номер на книга ISBN
Международен стандартен номер на книга ISBN 9786190205685
040 ## - Източник на каталожния запис
Идентификатор на билиотеката - собственик на записа BLK
041 ## - Код за език
Код за езика на текст/звукозапис или на отделно заглавие Български
Код за езика КДБФ Български
080 ## - УДК
Текстов определител УДК Италианска литература
УДК код - определител по УДК 821.131.1
УДК - код + определител 821.131.1-312.6
100 ## - Редна дума - Автор
Автор Ди Робилант, Андреа
Авторска отговорност първи автор
R(LIN) 489698
139 ## - Редно поле
Авторски знак Роби - Р 69
245 10 - Сведения за заглавието
Заглавие Есен във Венеция
Подзаглавни данни Ърнест Хемингуей и неговата последна муза
Редно поле (дума) Андреа ди Робилант ; прев. от англ. Надя Баева
260 ## - Област на издателските данни
Име на издателя, разпространителя и проч. Колибри
Година на издаване 2020
Място на издаване, разпространение и проч. София
300 ## - Физическа характеристика
Страници 328 с.
Размери/Мащаб 20 см
380 ## - Жанр
Жанр Худож. лит.
500 ## - Общи забележки
Забележка Ориг. загл.: Autumn in Venice / Andrea di Robilant<br/>Биогр. данни за авт. отбелязани на гърба на кор.<br/>Библиогр.: с. 321-326
700 ## - Други автори (авторска отговорност)
Лично име Баева, Надя Димитрова
9 (RLIN) 383768
856 4# - Електронен адрес и достъп
Електронен формат pdf - файл
856 4# - Електронен адрес и достъп
Електронен формат pdf - файл
942 ## - АРТИКУЛИ
Вид на библиотечния материал Книги
Скрит в OPAC Не
Периодичен библиозапис Да
Koha issues (borrowed), all copies 15
944 ## - СЪЗДАВАНЕ И РЕДАКЦИЯ на ЗАПИСА
Дата на регистрацията/редакция Нора Радева
Служител, извършил регистрацията/редакцията 30542
Статус, дата на статуса Русанова Ирена
Създаване/Редакция
999 ## - СИСТЕМНИ КОНТРОЛНИ НОМЕРА
Koha biblionumber 497873
Koha biblioitemnumber 497873
999 ## - СИСТЕМНИ КОНТРОЛНИ НОМЕРА
Koha biblioitemnumber 497871
999 ## - СИСТЕМНИ КОНТРОЛНИ НОМЕРА
Koha biblioitemnumber 497870
999 ## - СИСТЕМНИ КОНТРОЛНИ НОМЕРА
Koha biblioitemnumber 493707
999 ## - СИСТЕМНИ КОНТРОЛНИ НОМЕРА
Koha biblioitemnumber 392576
999 ## - СИСТЕМНИ КОНТРОЛНИ НОМЕРА
Koha biblioitemnumber 392576
Наличности
Код за отписване Код за изгубен артикул Източник на класификационната схема Код за повреда Код за отдаване Артикулен № Име на библиотеката - собственик Име на библиотеката, в която се намира в момента Статус (Текущо местоположение) Дата на вписване в системата Местоположение - отдел Цена в лева Инвентарен номер Систематично азбучна сигнатура Баркод Цена в евро Служебен тип на артикула
  Не е изгубен Universal Decimal Classification Не е повреден заемане за дома 936479 Регионална библиотека "Любен Каравелов" Русе Регионална библиотека "Любен Каравелов" Русе Заемна - подръчен фонд 2023-11-10 Заемна - подръчен фонд 11.70 120000895537 821-31/Р 69 А 120000895537 5.98 Книги
Vip Innovations Ltd, Rousse, Bulgaria 2025